Suma de teología I Parte I (Suma teológica)

La Suma de Teología es un tratado de teología cristiana, obra magna del aquinate escrita en sus últimos años de vida en el siglo XIII, en la cual se exponen de manera extensa los fundamentos y contenidos esenciales de la doctrina cristiana a partir de quaestiones. Este libro corresponde a la I parte...

Celý popis

Uloženo v:
Podrobná bibliografie
Hlavní autor: Aquino, Santo Tomás De
Médium: Kniha
Jazyk:Undetermined
Vydáno: Madrid, España Biblioteca de Autores Cristianos 1994
Témata:
Tagy: Přidat tag
Žádné tagy, Buďte první, kdo vytvoří štítek k tomuto záznamu!

MARC

LEADER 00000nam a2200000Ia 4500
008 170316s9999 xx 000 0 und d
040 |a cru BVZT 
090 |a 100 A-31su v.1 
100 |a Aquino, Santo Tomás De  |9 906 
245 |a Suma de teología I  |c / Santo Tomás De Aquino  |b Parte I (Suma teológica) 
260 |a Madrid, España  |b Biblioteca de Autores Cristianos  |c 1994 
300 |a 993 páginas, Vol.1 
520 |a La Suma de Teología es un tratado de teología cristiana, obra magna del aquinate escrita en sus últimos años de vida en el siglo XIII, en la cual se exponen de manera extensa los fundamentos y contenidos esenciales de la doctrina cristiana a partir de quaestiones. Este libro corresponde a la I parte que contiene 119 cuestiones, en las que se desarrollan temas de carácter onto-teológico relacionados con la condición y panorama de la teología, la naturaleza divina, la trinidad de personas, la creación, un Tratado sobre los ángeles, otro sobre el ser humano, entre muchas otras cuestiones 
650 |a FILOSOFÍA  |9 5 
650 |a TOMÁS DE AQUINO  |9 909 
650 |a DOCTRINA SAGRADA  |9 910 
650 |a SAGRADA ESCRITURA  |9 911 
650 |a DIOS  |9 637 
650 |a LA NATURALEZA DIVINA  |9 912 
650 |a LOS ANGELES  |9 913 
650 |a SUMA TEOLÓGICA  |9 914 
999 |c 15515  |d 15515 
942 |c 15 D  |h 100 A-31su v.1  |2 z